000 01013nam a2200289 i 4500
001 000029705
003 DO-SdBNP
005 20250123131622.0
007 ta
008 110425s1990 dr 000 0 spa d
040 _aDO-SdBNP
_bspa
_cBNPHU
_erda
082 4 _222
_bF359j
100 1 _aFermín, Cairo Dania
_eautora
_985866
245 1 4 _aLos jóvenes :
_bidentidad y expectativas /
_cDania Fermín Cairo; presentación, Rocio Hernández Mella
250 _a8a. edición
264 1 _aSanto Domingo :
_bPlan educativo,
_c1990.
300 _a28 páginas
_c21 cm.
336 _2rdacontent
_atexto
_btxt
337 _2rdamedia
_asin mediación
_bn
338 _2rdacarrier
_avolumen
_bnc
490 _aPlan educativo ;
_v8
500 _aLa octava Sesión de trabajo de Plan Educativo se produce bajo la ponencia de la Licda. Dania Fermín Cairo en la primera parte.
590 _aInventariado, 2024 / YL
700 1 2 _aHernández Mella, Rocio
_epresentación
_912263
910 _aYLockward
942 _2ddc
_cLF2
999 _c29197
_d29197